|
|
|
|
| LEADER |
01169nam a22002657a 4500 |
| 001 |
34841 |
| 003 |
BD-DhAAL |
| 005 |
20250807144604.0 |
| 008 |
190722r20192015bg ||||| |||| 00| 1 ben d |
| 020 |
|
|
|a 9847011600659
|
| 040 |
|
|
|a BD-DhAAL
|d BD-DhAAL
|
| 041 |
|
|
|a ben
|
| 082 |
|
|
|a 891.44371
|2 23
|
| 100 |
|
|
|a আহমেদ, হুমায়ূন.
|9 33001
|
| 245 |
|
|
|a হিমুর হাতে কয়েকটি নীল পদ্ম /
|c হুমায়ূন আহমেদ.
|
| 246 |
|
|
|a Himur hate koyekti nilpodda
|
| 260 |
|
|
|a ঢাকা :
|b অন্বেষা প্রকাশন,
|c ২০০৯ [অষ্টম মুদ্রণ ২০১৯].
|
| 300 |
|
|
|a ১২৫ পৃষ্ঠা ;
|c ২২ সে.মি.
|
| 526 |
|
|
|a Residential Campus
|
| 541 |
|
|
|a Development Book Agency
|e 34841
|
| 650 |
|
|
|a Bengali fiction
|z Bangladesh.
|9 33002
|
| 852 |
|
|
|a Savar Campus Library
|c General Stacks
|
| 942 |
|
|
|2 ddc
|c BK
|
| 999 |
|
|
|c 40924
|d 40924
|
| 952 |
|
|
|0 0
|1 0
|2 ddc
|4 0
|6 891_443710000000000_AHM
|7 0
|9 65688
|a SCL
|b SCL
|c GEN
|d 2019-07-17
|e Development Book Agency
|g 176.00
|l 31
|m 46
|o 891.44371 AHM
|p 3020034841
|r 2025-12-14
|s 2025-11-05
|t 1
|v 176.00
|w 2019-07-17
|y BK
|